| 000 | 00551nam a22001817a 4500 | ||
|---|---|---|---|
| 005 | 20171026145225.0 | ||
| 010 | _aENG-120754 | ||
| 020 |
_a9789350020982 _c395.00 |
||
| 035 | _aEN-104286 | ||
| 037 | _bDBAD/PUB | ||
| 082 | _a320.954 | ||
| 245 |
_aLife, freedom and war : _cedited by Sho Kuwajima _btwenieth century South Asia / |
||
| 260 |
_aNew Delhi _bAakar Books _c2011 |
||
| 270 |
_a28E,PKT.IV,Mayur Vihar Phase-I _bDelhi _e110091 |
||
| 300 |
_a176p. _c23cm (Hb) |
||
| 700 | _a Kuwajima,Sho | ||
| 942 |
_2ddc _cEN _h320.954 _mLIF |
||
| 999 |
_c146870 _d146870 |
||